| 000 | 00898nam a2200241 a 4500 | ||
|---|---|---|---|
| 005 | 20221130063529.0 | ||
| 008 | 991125s1985 mx 000 0 spa u | ||
| 020 | _a9688052779 | ||
| 035 | _aUPN01000013509 | ||
| 049 | _aCG | ||
| 050 | 4 |
_aF1234 _bL3.34 |
|
| 100 | 1 | _aLara Pardo, Luis | |
| 245 | 1 | 0 |
_aDe Porfirio Díaz a Francisco I. Madero : _bla sucesión dictatorial de 1911 / _cLuis Lara Pardo. |
| 260 |
_aMéxico : _bINEHRM, _c1985. |
||
| 300 | _a285 p. | ||
| 500 | _aEdición Facsimilar : Primera edición, 1912 | ||
| 500 | _aComisión Nacional para las celebraciones del 175 aniversario de la Independencia Nacional y 75 aniversario de la Revolución Mexicana | ||
| 600 | 1 | 4 |
_aDíaz, Porfirio, _d1830-1915 _911887 |
| 600 | 1 | 4 |
_aMADERO, FRANCISCO IGNACIO, _d1873-1913 |
| 651 | 4 |
_aMEXICO - _xHISTORIA - _yREVOLUCION MADERISTA, 1910-1911 _917706 |
|
| 905 | _aLibro | ||
| 999 |
_c13509 _d13509 |
||